Movies Quiz

Random Movies or Clickable Quiz

2000 Oscar Winners (Clickable) Quiz Stats

 Plays Quiz not verified by Sporcle

Challenge
Share
Tweet
Embed
Score 0/14 Timer 03:00
0 Plays Today
% Correct
American Beauty
91.8%
Girl, Interrupted
84.2%
The Cider House Rules
83.8%
Boys Don't Cry
83.2%
Tarzan
81.8%
The Matrix
80.1%
Sleepy Hollow
61.5%
% Correct
The Red Violin
53.6%
All About My Mother
48.5%
One Day in September
46.7%
My Mother Dreams the Satan's Disciples in New York
39.2%
Topsy-Turvy
38.5%
The Old Man and the Sea
32.3%
King Gimp
28.5%

You're not logged in!

Compare scores with friends on all Sporcle quizzes.
Join for Free
OR
Log In

You Might Also Like...

Show Comments

Extras

Top Quizzes Today


Score Distribution

Your Account Isn't Verified!

In order to create a playlist on Sporcle, you need to verify the email address you used during registration. Go to your Sporcle Settings to finish the process.

Report this User

Report this user for behavior that violates our Community Guidelines.

Details: